Новые методы экспериментального определения критериальных параметров динамических систем приводных механизмов

Detalhes bibliográficos
Autor principal: Берестнев Я. О. Ярослав Олегович
Outros Autores: Ишин Н. Н. Николай Николаевич
Resumo:В монографии рассмотрены новые методы аппаратно-программного определения важнейших параметров динамических систем приводных механизмов: собственных частот, характеристик демпфирования и динамических составляющих нагрузки. Описаны созданные современные диагностические и испытательные комплексы, экспериментально подтверждена возможность инструментального определения названных параметров. Предназначена для научных сотрудников, инженерно-технических работников, а также преподавателей, аспирантов и студентов технических вузов.
Idioma:russo
Publicado em: Минск, Технопринт, 2004
Assuntos:
Formato: Livro
KOHA link:https://koha.lib.tpu.ru/cgi-bin/koha/opac-detail.pl?biblionumber=87939

MARC

LEADER 00000nam0a2200000 4500
001 87939
005 20231031102446.0
010 |a 985464653X 
035 |a (RuTPU)RU\TPU\book\94417 
090 |a 87939 
100 |a 20051219d2004 k y0rusy50 ca 
101 0 |a rus 
102 |a BY 
105 |a a z 001zy 
200 1 |a Новые методы экспериментального определения критериальных параметров динамических систем приводных механизмов  |f Я. О. Берестнев, Н. Н. Ишин 
210 |a Минск  |c Технопринт  |d 2004 
215 |a 117 с.  |c ил. 
320 |a Библиогр.: с. 108-114. 
330 |a В монографии рассмотрены новые методы аппаратно-программного определения важнейших параметров динамических систем приводных механизмов: собственных частот, характеристик демпфирования и динамических составляющих нагрузки. Описаны созданные современные диагностические и испытательные комплексы, экспериментально подтверждена возможность инструментального определения названных параметров. Предназначена для научных сотрудников, инженерно-технических работников, а также преподавателей, аспирантов и студентов технических вузов. 
610 1 |a механические приводные устройства 
610 1 |a приводные механизмы 
610 1 |a работоспособность 
610 1 |a вибродиагностика 
610 1 |a динамические системы 
610 1 |a параметры 
610 1 |a аппаратно-программная идентификация 
610 1 |a механизмы циклического действия 
610 1 |a вибрация 
610 1 |a спектральные характеристики 
610 1 |a испытание 
610 1 |a критерии 
610 1 |a демпфирование 
675 |a 62-86  |v 3 
700 1 |a Берестнев  |b Я. О.  |g Ярослав Олегович 
701 1 |a Ишин  |b Н. Н.  |g Николай Николаевич 
801 1 |a RU  |b 63413507  |c 20051219  |g PSBO 
801 2 |a RU  |b 63413507  |c 20060920  |g PSBO 
942 |c BK 
959 |a 112/20051219  |d 1  |e 99  |f НФ:1